Old Muslim calendars of South East Asia (Record no. 132727)

MARC details
000 -LEADER
fixed length control field 00814nam a2200265Ia 4500
003 - CONTROL NUMBER IDENTIFIER
control field OSt
005 - DATE AND TIME OF LATEST TRANSACTION
control field 20220918170126.0
008 - FIXED-LENGTH DATA ELEMENTS--GENERAL INFORMATION
fixed length control field 220917b |||||||| |||| 00| 0 eng d
020 ## - INTERNATIONAL STANDARD BOOK NUMBER
International Standard Book Number 900415140 (hbk)
037 ## - SOURCE OF ACQUISITION
Terms of availability Textual
040 ## - CATALOGING SOURCE
Original cataloging agency ARTS
Transcribing agency ARTS
Language of cataloging eng
041 ## - LANGUAGE CODE
Source of code eng
Language code of text/sound track or separate title eng
100 ## - MAIN ENTRY--PERSONAL NAME
Personal name Proudfoot Ian
9 (RLIN) 27206
245 #0 - TITLE STATEMENT
Title Old Muslim calendars of South East Asia
260 ## - PUBLICATION, DISTRIBUTION, ETC.
Place of publication, distribution, etc. London
Name of publisher, distributor, etc. Brill
Date of publication, distribution, etc. 2006
300 ## - PHYSICAL DESCRIPTION
Extent 135p.
Dimensions cm.
490 ## - SERIES STATEMENT
Series statement Handbook of oriental studies handbuch der orientalistik Vol. 17
650 ## - SUBJECT ADDED ENTRY--TOPICAL TERM
Topical term or geographic name entry element SOCIOLOGY
942 ## - ADDED ENTRY ELEMENTS (KOHA)
Classification part Y73(Q7)n49G, P6
Koha item type Textual
Source of classification or shelving scheme Colon Classification (CC)
Holdings
Withdrawn status Lost status Damaged status Not for loan Home library Current library Date acquired Source of acquisition Total Checkouts Full call number Barcode Date last seen Price effective from Koha item type
        Arts Library Arts Library 2022-09-18 1978, 18/10/2007, The Book Seller   Y73(Q7)n49G P6 AL1336100 2022-09-18 2022-09-18 Textual
Copyright @ Delhi University Library System